Normal view
MARC view
- The Impetuous Cuchess
Entry Uniform Title
001 - CONTROL NUMBER
- control field: 11929
003 - CONTROL NUMBER IDENTIFIER
- control field: NUST
005 - DATE AND TIME OF LATEST TRANSACTION
- control field: 20180723055918.0
008 - FIXED-LENGTH DATA ELEMENTS
- fixed length control field: 180723|| aca||aabn | a|a d
040 ## - CATALOGING SOURCE
- Original cataloging agency: NUST
- Transcribing agency: NUST
130 ## - HEADING--UNIFORM TITLE
- Uniform title: The Impetuous Cuchess
670 ## - SOURCE DATA FOUND
- Source citation: Work cat.: (NUST)173330: Cartland Barbara 11921, The Impetuous Duchess /, 1975
